<?xml version="1.0" encoding="UTF-8"?>
<record
    xmlns:xsi="http://www.w3.org/2001/XMLSchema-instance"
    xsi:schemaLocation="http://www.loc.gov/MARC21/slim http://www.loc.gov/standards/marcxml/schema/MARC21slim.xsd"
    xmlns="http://www.loc.gov/MARC21/slim">

  <leader>01466cam a22002891  4500</leader>
  <controlfield tag="001">gs 30000215 </controlfield>
  <controlfield tag="003">DLC</controlfield>
  <controlfield tag="005">20260227111334.0</controlfield>
  <controlfield tag="008">780406s1930    xx            000 0 eng c</controlfield>
  <datafield tag="010" ind1=" " ind2=" ">
    <subfield code="a">gs 30000215 </subfield>
  </datafield>
  <datafield tag="035" ind1=" " ind2=" ">
    <subfield code="a">(OCoLC)3785650</subfield>
  </datafield>
  <datafield tag="040" ind1=" " ind2=" ">
    <subfield code="a">Library, U.S. Geological Survey</subfield>
    <subfield code="c">OT</subfield>
    <subfield code="d">MsHaU</subfield>
    <subfield code="d">DLC</subfield>
  </datafield>
  <datafield tag="050" ind1="0" ind2="0">
    <subfield code="a">QE115</subfield>
    <subfield code="b">.S15</subfield>
  </datafield>
  <datafield tag="100" ind1="1" ind2=" ">
    <subfield code="a">Savage, Thomas Edmund,</subfield>
    <subfield code="d">1866-</subfield>
  </datafield>
  <datafield tag="245" ind1="1" ind2="4">
    <subfield code="a">The Devonian rocks of Kentucky;</subfield>
    <subfield code="b">a presentation of the areal extent, stratigraphic, structural and paleontologic relationship of all sediments between the Silurian and Mississippian systems in this commonwealth,</subfield>
    <subfield code="c">by Thomas Edmund Savage, assisted by Russell Spurgeon Poor, Charles Fernando Bassett, Harold Bowen Willman, Harry Charles Spoor, jr. And a separate report on the Geology of the Midland Trail in Kentucky, by Armin Kohl Lobeck.</subfield>
  </datafield>
  <datafield tag="260" ind1=" " ind2=" ">
    <subfield code="a">Frankfort,</subfield>
    <subfield code="b">The Kentucky geological survey,</subfield>
    <subfield code="c">1930.</subfield>
  </datafield>
  <datafield tag="300" ind1=" " ind2=" ">
    <subfield code="a">6 p. l., 257 p. incl. front. (map) illus., maps, IV pl., tables.</subfield>
    <subfield code="c">24 cm.</subfield>
  </datafield>
  <datafield tag="490" ind1="0" ind2=" ">
    <subfield code="a">Kentucky. Geological survey, 1920-      Ser. VI. [Geologic reports]</subfield>
    <subfield code="v">v. 33</subfield>
  </datafield>
  <datafield tag="650" ind1=" " ind2="0">
    <subfield code="a">Geology</subfield>
    <subfield code="z">Kentucky.</subfield>
  </datafield>
  <datafield tag="650" ind1=" " ind2="0">
    <subfield code="a">Geology, Stratigraphic</subfield>
    <subfield code="y">Devonian.</subfield>
  </datafield>
  <datafield tag="700" ind1="1" ind2=" ">
    <subfield code="a">Lobeck, A. K.</subfield>
    <subfield code="q">(Armin Kohl),</subfield>
    <subfield code="d">1886-1958.</subfield>
  </datafield>
  <datafield tag="700" ind1="1" ind2=" ">
    <subfield code="a">Poor, Russell Spurgeon,</subfield>
    <subfield code="d">1899-</subfield>
  </datafield>
  <datafield tag="700" ind1="1" ind2=" ">
    <subfield code="a">Bassett, Charles Fernando.</subfield>
  </datafield>
  <datafield tag="700" ind1="1" ind2=" ">
    <subfield code="a">Willman, H. B.</subfield>
    <subfield code="q">(Harold Bowen),</subfield>
    <subfield code="d">1901-</subfield>
  </datafield>
  <datafield tag="700" ind1="1" ind2=" ">
    <subfield code="a">Spoor, Harvy Charles, jr.</subfield>
  </datafield>
  <datafield tag="740" ind1="0" ind2=" ">
    <subfield code="a">Midland trail in Kentucky, Geology of the.</subfield>
  </datafield>
  <datafield tag="999" ind1=" " ind2=" ">
    <subfield code="c">26808</subfield>
    <subfield code="d">26808</subfield>
  </datafield>
</record>
